Sports Quiz

Random Sports Quiz

Pitchers w/ 15 Wins, 200 Ks, < 3.00 ERA (since 2000) Quiz Stats

Quiz not verified by Sporcle

Challenge
Share
Tweet
Embed
Score 0/61 Timer 08:00
0 Plays Today
Season / Team Answer % Correct
2000 / ARZRANDY JOHNSON
100%
2000 / BOSPEDRO MARTINEZ
100%
2001 / ARZCURT SCHILLING
100%
2001 / ARZRANDY JOHNSON
100%
2002 / ARZRANDY JOHNSON
100%
2002 / BOSPEDRO MARTINEZ
100%
2004 / ARZRANDY JOHNSON
100%
2005 / NYMPEDRO MARTINEZ
100%
2008 / TORROY HALLADAY
100%
2008 / MILCC SABATHIA
100%
2008 / SFTIM LINCECUM
100%
2009 / TORROY HALLADAY
100%
2009 / SEAFELIX HERNANDEZ
100%
2009 / SFTIM LINCECUM
100%
2010 / PHIROY HALLADAY
100%
2011 / PHIROY HALLADAY
100%
2011 / NYYCC SABATHIA
100%
2011 / LADCLAYTON KERSHAW
100%
2011 / DETJUSTIN VERLANDER
100%
2012 / DETJUSTIN VERLANDER
100%
2013 / LADCLAYTON KERSHAW
100%
2013 / DETMAX SCHERZER
100%
2014 / SFMADISON BUMGARNER
100%
2014 / LADCLAYTON KERSHAW
100%
2014 / SEAFELIX HERNANDEZ
100%
2015 / SFMADISON BUMGARNER
100%
2015 / LADCLAYTON KERSHAW
100%
2016 / SFMADISON BUMGARNER
100%
2016 / WASMAX SCHERZER
100%
2003 / CHCMARK PRIOR
97.2%
2004 / MINJOHAN SANTANA
97.2%
Season / Team Answer % Correct
2005 / STLCRIS CARPENTER
97.2%
2005 / MINJOHAN SANTANA
97.2%
2006 / MINJOHAN SANTANA
97.2%
2007 / SDJAKE PEAVY
97.2%
2008 / NYMJOHAN SANTANA
97.2%
2009 / STLADAM WAINWRIGHT
97.2%
2010 / STLADAM WAINWRIGHT
97.2%
2013 / STLADAM WAINWRIGHT
97.2%
2004 / HOUROGER CLEMENS
94.4%
2009 / KCZACK GREINKE
94.4%
2011 / PHICLIFF LEE
94.4%
2012 / TBDAVID PRICE
94.4%
2014 / LADZACK GREINKE
94.4%
2014 / CINJOHNNY CUETO
94.4%
2014 / CLECOREY KLUBER
94.4%
2015 / LADZACK GREINKE
94.4%
2015 / TORDAVID PRICE
94.4%
2015 / CHCJAKE ARRIETA
94.4%
2015 / HOUDALLAS KEUCHEL
91.7%
2016 / MIAJOSE FERNANDEZ
91.7%
2003 / SFJASON SCHMIDT
88.9%
2010 / COLUBALDO JIMENEZ
86.1%
2012 / WASGIO GONZALEZ
86.1%
2012 / NYMRA DICKEY
86.1%
2015 / PITGERRIT COLE
86.1%
2011 / TBJAMES SHIELDS
80.6%
2003 / CWSESTEBAN LOAIZA
72.2%
2014 / OAKJON LESTER
58.3%
2011 / TEXCJ WILSON
50%
2009 / ATLJAVIER VAZQUEZ
41.7%

You're not logged in!

Compare scores with friends on all Sporcle quizzes.
Sign Up with Email
OR
Log In

You Might Also Like...

Show Comments

Extras

Top Quizzes Today


Score Distribution

Your Account Isn't Verified!

In order to create a playlist on Sporcle, you need to verify the email address you used during registration. Go to your Sporcle Settings to finish the process.

Report this User

Report this user for behavior that violates our Community Guidelines.

Details: